[Event "Sochi Doroshkevich Amateur op"]
[Site "Sochi"]
[Date "2017.12.28"]
[Round "9"]
[White "Danielyan, Levon"]
[Black "Demchenko, Alisa"]
[Result "0-1"]
[WhiteElo "2143"]
[BlackElo "1960"]
[PlyCount "62"]
[EventDate "2017.12.21"]
[EventType "swiss"]
[EventRounds "9"]
[EventCountry "RUS"]
[SourceTitle "CBM 182 Extra"]
[Source "ChessBase"]
[SourceDate "2018.02.23"]
[SourceVersion "1"]
[SourceVersionDate "2018.02.23"]
[SourceQuality "1"]

1. e4 e6 2. d4 d5 3. Nc3 Nf6 4. Bg5 dxe4 5. Nxe4 Be7 6. Bxf6 gxf6 7. Nf3 f5 8. Ng3 c5 9. d5 Qxd5 10. Bb5+ Nc6 11. Qxd5 exd5 12. Ne5 a6 13. Bxc6+ bxc6 14. Nxc6 Be6 15. Nxe7 Kxe7 16. 0-0-0 h5 17. Rhe1 Kf6 18. Ne2 h4 19. Nf4 Rad8 20. Rd3 d4 21. b3 Bc8 22. c3 Bb7 23. cxd4 Be4 24. Rd2 cxd4 25. Red1 Ke5 26. Nd3+ Kf6 27. f3 Bxd3 28. Rxd3 Ke5 29. Re1+ Kf4 30. Re7 Rhg8 31. Rd2 Rg7 0-1

[Event "Sochi Doroshkevich Amateur op"]
[Site "Sochi"]
[Date "2017.12.26"]
[Round "7"]
[White "Danielyan, Levon"]
[Black "Egorov, Pavel"]
[Result "0-1"]
[WhiteElo "2143"]
[BlackElo "2240"]
[PlyCount "70"]
[EventDate "2017.12.21"]
[EventType "swiss"]
[EventRounds "9"]
[EventCountry "RUS"]
[SourceTitle "CBM 182 Extra"]
[Source "ChessBase"]
[SourceDate "2018.02.23"]
[SourceVersion "1"]
[SourceVersionDate "2018.02.23"]
[SourceQuality "1"]

1. e4 e6 2. d4 d5 3. Nc3 Nf6 4. Bg5 dxe4 5. Nxe4 Be7 6. Bxf6 gxf6 7. c3 f5 8. Ng3 c5 9. Nf3 Nc6 10. Bb5 Qb6 11. Qe2 a6 12. Ba4 cxd4 13. Nxd4 Bd7 14. 0-0 0-0-0 15. Bxc6 Bxc6 16. Ngxf5 Bc5 17. Nxc6 Qxc6 18. Ng3 f5 19. b4 Ba7 20. a4 Rd6 21. b5 Qc5 22. bxa6 bxa6 23. Rab1 Rhd8 24. Rb4 Rc6 25. Qh5 Qxc3 26. Rfb1 Rc7 27. Qe2 Rd6 28. Nf1 Qc2 29. Qf3 Qc6 30. Qg3 Rd8 31. Ne3 Qd6 32. Qh4 Qe7 33. Qh6 Rd2 34. h3 Qd6 35. Nc4 Bxf2+ 0-1

[Event "Sochi Tseshkovsky Memorial op"]
[Site "Sochi"]
[Date "2014.09.24"]
[Round "8"]
[White "Danielyan, Levon"]
[Black "Papin, Vasily"]
[Result "0-1"]
[WhiteElo "2082"]
[BlackElo "2502"]
[PlyCount "86"]
[EventDate "2014.09.17"]
[EventType "swiss"]
[EventRounds "9"]
[EventCountry "RUS"]
[SourceTitle "CBM 162 Extra"]
[Source "ChessBase"]
[SourceDate "2014.10.17"]
[SourceVersion "1"]
[SourceVersionDate "2014.10.17"]
[SourceQuality "1"]

1. e4 c5 2. Nf3 e6 3. d4 cxd4 4. Nxd4 a6 5. Bd3 Qb6 6. Nb3 Qc7 7. 0-0 Nf6 8. Nc3 b5 9. a3 Bb7 10. Qe2 d6 11. Bf4 Nbd7 12. Rad1 e5 13. Bg5 Be7 14. Qf3 0-0 15. Rfe1 Rfe8 16. Qf5 Bc8 17. Qf3 Nb6 18. Bxf6 Bxf6 19. Nd2 Be6 20. Nd5 Nxd5 21. exd5 Bd7 22. c4 Be7 23. Rc1 Qb6 24. b4 a5 25. c5 dxc5 26. Rxe5 cxb4 27. Bxh7+ Kf8 28. Bf5 Qf6 29. Qh5 g6 30. Qh6+ Kg8 31. Bxd7 Qxe5 32. Bxe8 Rxe8 33. Nf3 Qxd5 34. axb4 Bxb4 35. h4 Bf8 36. Qf4 a4 37. h5 Qf5 38. Qc7 Qxh5 39. Qd7 Re4 40. Rc8 a3 41. Qd6 Qh6 42. Qxa3 Rc4 43. Ra8 Qc1+ 0-1

[Event "Sochi Tseshkovsky Memorial op"]
[Site "Sochi"]
[Date "2014.09.23"]
[Round "7"]
[White "Nechaev, Oleg"]
[Black "Danielyan, Levon"]
[Result "1/2-1/2"]
[WhiteElo "2329"]
[BlackElo "2082"]
[PlyCount "80"]
[EventDate "2014.09.17"]
[EventType "swiss"]
[EventRounds "9"]
[EventCountry "RUS"]
[SourceTitle "CBM 162 Extra"]
[Source "ChessBase"]
[SourceDate "2014.10.17"]
[SourceVersion "1"]
[SourceVersionDate "2014.10.17"]
[SourceQuality "1"]

1. d4 Nf6 2. c4 e6 3. Nf3 c5 4. d5 b5 5. Bg5 Qa5+ 6. Qd2 Qxd2+ 7. Nbxd2 bxc4 8. e4 Be7 9. Bxc4 Bb7 10. 0-0-0 exd5 11. exd5 Nxd5 12. Rhe1 f6 13. Ne4 Nb6 14. Nxf6+ gxf6 15. Bxf6 Nc6 16. Bb5 0-0 17. Bxe7 Nxe7 18. Rxe7 Bxf3 19. gxf3 Rxf3 20. Bxd7 Rxf2 21. Be6+ Kh8 22. h3 Re2 23. Rd2 Re5 24. a4 a5 25. Rf2 Nd5 26. Bxd5 Rxd5 27. Rff7 Rh5 28. Ra7 Rb8 29. Rf3 c4 30. Rc7 Rh4 31. Kc2 Re4 32. Rf2 Rh4 33. Rc5 Rxh3 34. Rxc4 Rhb3 35. Kc1 R3b4 36. Rc7 Rxa4 37. Rh2 Rab4 38. Rcxh7+ Kg8 39. Rh8+ Kf7 40. Rxb8 Rxb8 1/2-1/2

[Event "Sochi Tseshkovsky Memorial op"]
[Site "Sochi"]
[Date "2014.09.21"]
[Round "5"]
[White "Kudelya, Igor"]
[Black "Danielyan, Levon"]
[Result "0-1"]
[WhiteElo "2312"]
[BlackElo "2082"]
[PlyCount "70"]
[EventDate "2014.09.17"]
[EventType "swiss"]
[EventRounds "9"]
[EventCountry "RUS"]
[SourceTitle "CBM 162 Extra"]
[Source "ChessBase"]
[SourceDate "2014.10.17"]
[SourceVersion "1"]
[SourceVersionDate "2014.10.17"]
[SourceQuality "1"]

1. e4 c5 2. Ne2 Nc6 3. d4 cxd4 4. Nxd4 Nf6 5. Nc3 e5 6. Ndb5 d6 7. a4 a6 8. Na3 Be6 9. Bg5 Rc8 10. Bc4 Nd4 11. Bxf6 gxf6 12. Qd3 f5 13. Bxe6 fxe6 14. Ne2 Qa5+ 15. c3 Nb3 16. Rd1 Nc5 17. Qf3 Nxe4 18. 0-0 Qxa4 19. Qh5+ Kd7 20. f4 Qa5 21. fxe5 Qxe5 22. Nd4 Be7 23. Qe2 d5 24. Nf3 Bc5+ 25. Nd4 Bxa3 26. bxa3 Rxc3 27. Qh5 Nd6 28. Nf3 Qg7 29. Qh4 Rg8 30. g3 Ne4 31. Kh1 Rc4 32. Qh5 Kc8 33. Qh3 Rc2 34. Kg1 Qc7 35. Nd4 Nxg3 0-1

[Event "Lazarevskoe op"]
[Site "Lazarevskoe"]
[Date "2014.06.22"]
[Round "?"]
[White "Danielyan, Levon"]
[Black "Skripnikov, Velori"]
[Result "0-1"]
[WhiteElo "2106"]
[BlackElo "1773"]
[PlyCount "66"]
[EventDate "2014.06.14"]
[EventType "swiss"]
[EventRounds "9"]
[EventCountry "RUS"]
[SourceTitle "EXT 2015"]
[Source "ChessBase"]
[SourceDate "2014.11.20"]
[SourceVersion "1"]
[SourceVersionDate "2014.11.20"]
[SourceQuality "1"]

1. e4 c5 2. Nc3 Nc6 3. g3 g6 4. Bg2 Bg7 5. d3 e6 6. Nge2 Nge7 7. 0-0 0-0 8. Be3 Nd4 9. Qd2 Nec6 10. Nd1 Nxe2+ 11. Qxe2 d5 12. Bxc5 Re8 13. c3 d4 14. cxd4 Nxd4 15. Bxd4 Qxd4 16. Nc3 Rd8 17. Rfd1 b6 18. Qe3 Ba6 19. Bf1 Rac8 20. Rac1 b5 21. a3 Rc7 22. Qxd4 Bxd4 23. Rd2 Rb8 24. Na2 Rxc1 25. Nxc1 b4 26. axb4 Rxb4 27. b3 Bb5 28. Rc2 e5 29. Be2 Bd7 30. Rc4 Rb5 31. Kg2 Be6 32. Ra4 Rc5 33. Na2 Rc2 0-1

[Event "Armavir-ch"]
[Site "Armavir"]
[Date "2014.05.06"]
[Round "7"]
[White "Danielyan, Levon"]
[Black "Lyashenko, Valeri"]
[Result "1-0"]
[WhiteElo "2102"]
[BlackElo "1992"]
[PlyCount "158"]
[EventDate "2014.04.30"]
[EventType "swiss"]
[EventRounds "9"]
[EventCountry "RUS"]
[SourceTitle "CBM 160 Extra"]
[Source "ChessBase"]
[SourceDate "2014.07.01"]
[SourceVersion "1"]
[SourceVersionDate "2014.07.01"]
[SourceQuality "1"]

1. e4 c5 2. Nf3 Nc6 3. Nc3 e6 4. d4 cxd4 5. Nxd4 a6 6. Nxc6 bxc6 7. Bd3 g6 8. Bf4 d5 9. 0-0 Bg7 10. Na4 Ne7 11. c4 e5 12. Bg5 f6 13. Bd2 d4 14. c5 0-0 15. Nb6 Ra7 16. Ba5 Qe8 17. Qe2 g5 18. Nc4 Ng6 19. g3 Qe6 20. Nd6 Qh3 21. Bb6 Ra8 22. Bc4+ Be6 23. Bxa6 Rxa6 24. f4 gxf4 25. Qxa6 fxg3 26. Qe2 Nf4 27. Qd2 d3 28. Rxf4 exf4 29. Qg2 gxh2+ 30. Qxh2 Qe3+ 31. Qf2 Bh6 32. Rd1 Bg4 33. Qxe3 fxe3 34. Rxd3 Be2 35. Ra3 Kh8 36. Kh2 Bf4+ 37. Kh3 h5 38. Ra7 Bg4+ 39. Kh4 e2 40. Ba5 Be3 41. Be1 Bg5+ 42. Kg3 Be6 43. Kf2 h4 44. Kxe2 h3 45. Bg3 Bh4 46. Bf4 Rg8 47. Re7 Rg2+ 48. Kd3 Bxa2 49. Nf5 Bg5 50. Re8+ Kh7 51. Re7+ Kg6 52. Rg7+ Kh5 53. Bd6 Bb1+ 54. Kd4 Rxb2 55. Rh7+ Kg4 56. Ne7 Rb4+ 57. Kc3 Rxe4 58. Rg7 Re3+ 59. Kd4 Be4 60. Rxg5+ fxg5 61. Kxe3 Bg2 62. Kf2 Be4 63. Kg1 Kh5 64. Kh2 g4 65. Kg3 Kg5 66. Ng8 Bf3 67. Bf4+ Kg6 68. Nh6 Kh5 69. Nf7 Bg2 70. Ne5 Bd5 71. Nxg4 Kg6 72. Kxh3 Kf7 73. Ne3 Be4 74. Kg4 Ke6 75. Bd6 Bh1 76. Kf4 Kf6 77. Ng4+ Ke6 78. Ke3 Bd5 79. Ne5 Bg2 1-0

[Event "Armavir Cup op"]
[Site "Armavir"]
[Date "2014.??.??"]
[Round "6"]
[White "Danielyan, Levon"]
[Black "Kvanin, Georgy"]
[Result "1-0"]
[WhiteElo "2103"]
[BlackElo "1956"]
[PlyCount "55"]
[EventDate "2014.12.14"]
[EventType "swiss"]
[EventRounds "9"]
[EventCountry "RUS"]
[SourceTitle "CBM 164 Extra"]
[Source "ChessBase"]
[SourceDate "2015.03.02"]
[SourceVersion "1"]
[SourceVersionDate "2015.03.02"]
[SourceQuality "1"]

1. d4 d5 2. c4 c6 3. Nc3 Nf6 4. e3 g6 5. Qb3 Bg7 6. Nf3 0-0 7. Be2 b6 8. 0-0 Bb7 9. a4 Nbd7 10. cxd5 cxd5 11. a5 a6 12. axb6 Nxb6 13. Na4 Nfd7 14. Nc5 Qc7 15. Nxb7 Qxb7 16. Bd2 Rfb8 17. Bc3 Qc6 18. Qa3 e6 19. Nd2 Nc4 20. Nxc4 dxc4 21. Bf3 Qb5 22. Bxa8 Rxa8 23. Qa5 Qc6 24. Rfc1 Nb6 25. Qc5 Qb7 26. Ba5 Nd5 27. Qxc4 Qxb2 28. Rcb1 1-0

[Event "Armavir Cup op"]
[Site "Armavir"]
[Date "2014.??.??"]
[Round "2"]
[White "Danielyan, Levon"]
[Black "Tvelov, Boris"]
[Result "1-0"]
[WhiteElo "2103"]
[BlackElo "1801"]
[PlyCount "97"]
[EventDate "2014.12.14"]
[EventType "swiss"]
[EventRounds "9"]
[EventCountry "RUS"]
[SourceTitle "CBM 164 Extra"]
[Source "ChessBase"]
[SourceDate "2015.03.02"]
[SourceVersion "1"]
[SourceVersionDate "2015.03.02"]
[SourceQuality "1"]

1. e4 e5 2. Nf3 Nc6 3. Nc3 Nf6 4. d4 exd4 5. Nxd4 Bb4 6. Nxc6 bxc6 7. Bd3 d5 8. exd5 Qe7+ 9. Qe2 Qxe2+ 10. Kxe2 cxd5 11. Nb5 Kd8 12. c3 Re8+ 13. Kf3 Bc5 14. Bf4 Bb7 15. Nd4 Ne4 16. Bb5 Rg8 17. Nc6+ Kc8 18. Be3 Rf8 19. Bxc5 Nxc5 20. Rhe1 a6 21. Ne7+ Kd8 22. Bc6 Bxc6 23. Nxc6+ Kd7 24. Ne5+ Kd6 25. Rad1 c6 26. Nc4+ Kc7 27. Re7+ Nd7 28. Ne5 Rad8 29. Nxf7 Kb6 30. Kg3 Nf6 31. Nxd8 Rxd8 32. f3 g5 33. Kf2 g4 34. Rf7 Rd6 35. Re1 c5 36. Ree7 d4 37. Rb7+ Kc6 38. c4 Nd7 39. Rbxd7 Rxd7 40. Rxd7 Kxd7 41. fxg4 Ke6 42. Kf3 Ke5 43. g3 a5 44. b3 Ke6 45. Ke4 Kf6 46. h4 Ke6 47. g5 Kf7 48. g4 Kg7 49. a3 1-0

[Event "Armavir Cup op"]
[Site "Armavir"]
[Date "2014.??.??"]
[Round "3"]
[White "Drachev, Vladimir"]
[Black "Danielyan, Levon"]
[Result "0-1"]
[WhiteElo "2245"]
[BlackElo "2103"]
[PlyCount "118"]
[EventDate "2014.12.14"]
[EventType "swiss"]
[EventRounds "9"]
[EventCountry "RUS"]
[SourceTitle "CBM 164 Extra"]
[Source "ChessBase"]
[SourceDate "2015.03.02"]
[SourceVersion "1"]
[SourceVersionDate "2015.03.02"]
[SourceQuality "1"]

1. d4 Nf6 2. Nf3 e6 3. Bg5 c5 4. e3 b6 5. Bd3 Bb7 6. Nbd2 Be7 7. 0-0 d6 8. c3 Nbd7 9. e4 e5 10. Rc1 h6 11. Bh4 0-0 12. h3 Re8 13. Re1 Nh5 14. Bxe7 Qxe7 15. Nf1 Nf4 16. Ng3 Nxd3 17. Qxd3 g6 18. h4 Nf6 19. d5 Kh7 20. Nh2 Bc8 21. Qf3 h5 22. Qe2 Bg4 23. f3 Bd7 24. Qf2 Ng8 25. Ngf1 Nh6 26. Ne3 f5 27. Kh1 f4 28. Nef1 g5 29. hxg5 Qxg5 30. g3 Rg8 31. gxf4 Qxf4 32. Qd2 Qh4 33. Ne3 Raf8 34. Rf1 Bh3 35. Qf2 Qf4 36. Rg1 Qxe4 37. Rxg8 Nxg8 38. Rg1 Qf4 39. Ng2 Qf6 40. Qg3 Bf5 41. f4 exf4 42. Qxf4 Bg6 43. Rf1 Qxf4 44. Rxf4 Rxf4 45. Nxf4 Be4+ 46. Kg1 Nf6 47. c4 Bb1 48. Nf1 Bxa2 49. Nd2 b5 50. b3 bxc4 51. bxc4 a5 52. Ne2 a4 53. Nc1 Bb3 54. Ncxb3 axb3 55. Nxb3 Ne4 56. Kg2 Kg6 57. Kf3 Kf5 58. Ke3 h4 59. Nc1 h3 0-1

[Event "Doroshkevich Memorial op"]
[Site "Sochi"]
[Date "2012.12.04"]
[Round "9"]
[White "Danielyan, Levon"]
[Black "Rjabzev, Konstantin"]
[Result "0-1"]
[WhiteElo "2126"]
[BlackElo "2287"]
[PlyCount "104"]
[EventDate "2012.11.26"]
[EventType "swiss"]
[EventRounds "9"]
[EventCountry "RUS"]
[SourceTitle "EXT 2014"]
[Source "ChessBase"]
[SourceDate "2013.11.20"]
[SourceVersion "1"]
[SourceVersionDate "2013.11.20"]
[SourceQuality "1"]

1. e4 e5 2. Nf3 Nc6 3. Bc4 Bc5 4. 0-0 Nf6 5. c3 Nxe4 6. Bd5 Nf6 7. Bxc6 dxc6 8. Nxe5 Be6 9. d4 Bd6 10. Nd2 Qe7 11. Ndc4 0-0-0 12. Qa4 Bxe5 13. Nxe5 a6 14. Re1 Nd5 15. Bd2 h5 16. b4 h4 17. h3 g5 18. f3 Rhg8 19. Qc2 Kb8 20. a4 f6 21. Nd3 Qd6 22. Nc5 Bxh3 23. Ne4 Bf5 24. Qb2 Bxe4 25. fxe4 Nf4 26. Re3 f5 27. b5 c5 28. bxa6 Qxa6 29. Rb1 fxe4 30. Rxe4 Qc6 31. Bxf4 Qxe4 32. Be5 Rg6 33. a5 h3 34. gxh3 Rh6 35. a6 Qe3+ 36. Qf2 Qxf2+ 37. Kxf2 Rxa6 38. dxc5 Rd3 39. Kg2 Ra2+ 40. Kg1 Re3 41. Bd4 Rg3+ 42. Kh1 Rxh3+ 43. Kg1 Rg3+ 44. Kf1 Rh2 45. Rb5 Rd3 46. Kg1 Rc2 47. Rb1 Kc8 48. c6 bxc6 49. Rf1 Kd7 50. Rf7+ Ke6 51. Rf6+ Ke7 52. Rf1 g4 0-1

[Event "Doroshkevich Memorial op"]
[Site "Sochi"]
[Date "2012.12.03"]
[Round "8"]
[White "Rozhko, Dmitry"]
[Black "Danielyan, Levon"]
[Result "1-0"]
[WhiteElo "2359"]
[BlackElo "2126"]
[PlyCount "89"]
[EventDate "2012.11.26"]
[EventType "swiss"]
[EventRounds "9"]
[EventCountry "RUS"]
[SourceTitle "EXT 2014"]
[Source "ChessBase"]
[SourceDate "2013.11.20"]
[SourceVersion "1"]
[SourceVersionDate "2013.11.20"]
[SourceQuality "1"]

1. d4 Nf6 2. Nf3 d6 3. h3 Nbd7 4. Bf4 c6 5. c3 Qc7 6. e3 e5 7. dxe5 Nxe5 8. Nbd2 Be6 9. Be2 Be7 10. 0-0 Rd8 11. Qc2 0-0 12. Nd4 Bc8 13. Nf5 Rfe8 14. Nf3 Nxf3+ 15. Bxf3 Qa5 16. Nxe7+ Rxe7 17. b4 Qb5 18. Rfd1 Bf5 19. Qb2 d5 20. Bg5 Rd6 21. a4 Qc4 22. Rd4 Qa6 23. c4 b6 24. cxd5 cxd5 25. Bxf6 Rxf6 26. Bxd5 h6 27. b5 Qc8 28. Rc1 Rc7 29. Rxc7 Qxc7 30. Rf4 Qd7 31. Qe5 Bc2 32. Rd4 Bf5 33. Bc6 Qc8 34. Qe7 Kh7 35. Rd8 Qe6 36. Qxe6 Rxe6 37. Bd7 Re5 38. Bxf5+ Rxf5 39. Rd7 a6 40. bxa6 Ra5 41. Rxf7 Kg6 42. Rc7 Rxa6 43. Kf1 Rxa4 44. Rc6+ Kf7 45. Rxb6 1-0

[Event "Doroshkevich Memorial op"]
[Site "Sochi"]
[Date "2012.12.02"]
[Round "7"]
[White "Danielyan, Levon"]
[Black "Gubernatorov, Sergey"]
[Result "1/2-1/2"]
[WhiteElo "2126"]
[BlackElo "2311"]
[PlyCount "129"]
[EventDate "2012.11.26"]
[EventType "swiss"]
[EventRounds "9"]
[EventCountry "RUS"]
[SourceTitle "EXT 2014"]
[Source "ChessBase"]
[SourceDate "2013.11.20"]
[SourceVersion "1"]
[SourceVersionDate "2013.11.20"]
[SourceQuality "1"]

1. d4 Nf6 2. c4 g6 3. Nc3 d5 4. cxd5 Nxd5 5. Bd2 Bg7 6. Nf3 0-0 7. e4 Nb6 8. Be3 Bg4 9. Be2 Bxf3 10. gxf3 Nc6 11. d5 Ne5 12. Qb3 Qc8 13. h3 c6 14. f4 Ned7 15. Rc1 cxd5 16. Nxd5 Qd8 17. Rd1 Nxd5 18. Rxd5 Qc8 19. Bg4 e6 20. Rd1 Nc5 21. Qc2 Nxe4 22. Qxe4 f5 23. Qb4 fxg4 24. hxg4 Qc6 25. Rh3 Rfd8 26. Rc1 Qg2 27. Rg3 Qd5 28. Ke2 Rac8 29. Rgg1 Rxc1 30. Rxc1 Qg2 31. f5 gxf5 32. gxf5 exf5 33. Qe7 Rf8 34. Rc7 Qg6 35. Qb4 f4 36. Bxf4 Qg4+ 37. Ke3 Qe6+ 38. Qe4 Qb6+ 39. Ke2 Qb5+ 40. Kf3 Qxb2 41. Kg2 Qf6 42. Bg3 a6 43. Qxb7 Kh8 44. Qe4 a5 45. Ra7 Qc3 46. Kh2 Qf3 47. Qxf3 Rxf3 48. Rxa5 Kg8 49. Kg2 Rd3 50. Ra7 Bf6 51. a4 Ra3 52. f3 h5 53. a5 Ra2+ 54. Kh3 Ra3 55. Ra8+ Kf7 56. a6 Rxf3 57. Kg2 Ra3 58. Bf2 Ra2 59. Kf3 Ra3+ 60. Ke4 h4 61. a7 h3 62. Bg1 Ra4+ 63. Kd5 h2 64. Bxh2 Bd4 65. Rd8 1/2-1/2

[Event "Doroshkevich Memorial op"]
[Site "Sochi"]
[Date "2012.11.28"]
[Round "3"]
[White "Yandarbiev, Ruslan"]
[Black "Danielyan, Levon"]
[Result "0-1"]
[WhiteElo "2356"]
[BlackElo "2126"]
[PlyCount "84"]
[EventDate "2012.11.26"]
[EventType "swiss"]
[EventRounds "9"]
[EventCountry "RUS"]
[SourceTitle "EXT 2014"]
[Source "ChessBase"]
[SourceDate "2013.11.20"]
[SourceVersion "1"]
[SourceVersionDate "2013.11.20"]
[SourceQuality "1"]

1. e4 c5 2. Nf3 d6 3. d4 cxd4 4. Nxd4 Nf6 5. Nc3 Nbd7 6. Bg5 a6 7. f4 Qb6 8. Nb3 h6 9. Bxf6 Nxf6 10. Qf3 Bd7 11. h3 g6 12. 0-0-0 Bg7 13. Be2 Bc6 14. Qd3 0-0-0 15. Bf3 Kb8 16. Rhe1 e6 17. Kb1 Nh5 18. Ne2 d5 19. e5 Bb5 20. Qd4 Qc7 21. g4 Bxe2 22. Rxe2 Ng3 23. Ree1 g5 24. Nc1 Rc8 25. c3 Qc4 26. f5 exf5 27. Bxd5 Qc7 28. gxf5 Nxf5 29. Qf2 Ne7 30. Qxf7 Nxd5 31. Qxd5 Rcd8 32. Qe6 Rxd1 33. Rxd1 Qxe5 34. Qxe5+ Bxe5 35. Re1 Bd6 36. Re6 Kc7 37. Nb3 h5 38. Nd4 g4 39. Nf5 gxh3 40. Rxd6 h2 41. Rd1 Rg8 42. Kc2 Rg2+ 0-1

[Event "Doroshkevich Memorial op"]
[Site "Sochi"]
[Date "2012.11.27"]
[Round "2"]
[White "Danielyan, Levon"]
[Black "Vertegel, Evgeny"]
[Result "1-0"]
[WhiteElo "2126"]
[BlackElo "1824"]
[PlyCount "139"]
[EventDate "2012.11.26"]
[EventType "swiss"]
[EventRounds "9"]
[EventCountry "RUS"]
[SourceTitle "EXT 2014"]
[Source "ChessBase"]
[SourceDate "2013.11.20"]
[SourceVersion "1"]
[SourceVersionDate "2013.11.20"]
[SourceQuality "1"]

1. e4 e6 2. d4 c5 3. d5 exd5 4. exd5 d6 5. Nf3 Be7 6. Bd3 Nf6 7. c4 Bg4 8. Bf4 Nbd7 9. Nbd2 a6 10. Qc2 Rb8 11. 0-0 0-0 12. Rfe1 h6 13. h3 Bxf3 14. Nxf3 b5 15. b3 Re8 16. Bd2 Bf8 17. Bc3 Qc7 18. Rxe8 Rxe8 19. cxb5 Nxd5 20. bxa6 Nxc3 21. Qxc3 Qb6 22. Qc4 Nf6 23. Qb5 Qxb5 24. Bxb5 Ra8 25. Rd1 Ra7 26. a4 Nd7 27. Nd2 d5 28. Nc4 d4 29. Re1 Nb8 30. Nb6 Nxa6 31. Nc8 Ra8 32. Re8 Nc7 33. Ne7+ Kh7 34. Rxa8 Nxa8 35. Nd5 Bd6 36. a5 Nc7 37. Bd3+ Kg8 38. Nb6 Ne6 39. Nc8 Bb8 40. Ne7+ Kf8 41. Nc6 Bd6 42. a6 Nc7 43. a7 Ke8 44. Be4 Kd7 45. Na5 Ke6 46. a8Q Nxa8 47. Bxa8 f5 48. Kf1 g5 49. Ke2 h5 50. Nc4 Bc7 51. Bc6 h4 52. Bf3 Kd7 53. Kd3 Ke6 54. Bb7 Kd7 55. Nd2 Kd6 56. Bc8 Ke5 57. Kc4 Bd6 58. Nf3+ Kf4 59. Ne1 g4 60. Nd3+ Kg5 61. Kd5 Bf8 62. f4+ gxf3 63. gxf3 Kf6 64. f4 Be7 65. Ba6 Bf8 66. Nxc5 Bh6 67. Nd3 Bf8 68. Kxd4 Bd6 69. Kd5 Bb8 70. b4 1-0

[Event "Doroshkevich Memorial op"]
[Site "Sochi"]
[Date "2012.11.26"]
[Round "1"]
[White "Kryakvin, Dmitry"]
[Black "Danielyan, Levon"]
[Result "1-0"]
[WhiteElo "2583"]
[BlackElo "2126"]
[PlyCount "77"]
[EventDate "2012.11.26"]
[EventType "swiss"]
[EventRounds "9"]
[EventCountry "RUS"]
[SourceTitle "EXT 2014"]
[Source "ChessBase"]
[SourceDate "2013.11.20"]
[SourceVersion "1"]
[SourceVersionDate "2013.11.20"]
[SourceQuality "1"]

1. d4 Nf6 2. c4 e6 3. Nf3 d5 4. Nc3 Be7 5. Bg5 c6 6. e3 Nbd7 7. Rc1 0-0 8. Qc2 Re8 9. a3 a6 10. Bd3 dxc4 11. Bxc4 h6 12. Bxf6 Bxf6 13. 0-0 c5 14. Rfd1 cxd4 15. Nxd4 Ne5 16. Ba2 Bd7 17. f4 Ng4 18. Qe2 Bxd4 19. Rxd4 Nf6 20. Rcd1 e5 21. fxe5 Rxe5 22. Qf3 Qe8 23. Qxb7 Rb8 24. Qc7 Rxe3 25. Ne4 Nxe4 26. Qxd7 Qxd7 27. Rxd7 Rxb2 28. Bxf7+ Kh7 29. Be6 Ree2 30. Bh3 Ng5 31. Bf5+ Kg8 32. Rd8+ Kf7 33. R1d7+ Re7 34. Bg6+ Kf6 35. Rd6+ Ke5 36. Rxa6 Ne6 37. Rd1 Kf6 38. Bh5 Rb5 39. g4 1-0

[Event "Arhipo Osipovka op"]
[Site "Arhipo Osipovka"]
[Date "2012.09.03"]
[Round "6"]
[White "Zolotov, Andrey"]
[Black "Danielyan, Levon"]
[Result "0-1"]
[WhiteElo "1820"]
[BlackElo "2096"]
[PlyCount "80"]
[EventDate "2012.08.28"]
[EventType "swiss"]
[EventRounds "9"]
[EventCountry "RUS"]
[SourceTitle "EXT 2023"]
[Source "ChessBase"]
[SourceDate "2022.10.05"]
[SourceVersion "1"]
[SourceVersionDate "2022.10.05"]
[SourceQuality "1"]

1. e4 c5 2. Nf3 Nc6 3. d4 cxd4 4. Nxd4 Nf6 5. Nc3 e5 6. Nf3 Bb4 7. Bd3 d5 8. exd5 Nxd5 9. Bd2 Bxc3 10. Bxc3 0-0 11. 0-0 Bg4 12. Be2 Nxc3 13. bxc3 Qc7 14. Rb1 Rad8 15. Qe1 Ne7 16. Nxe5 Bxe2 17. Qxe2 Nd5 18. Rbe1 Rfe8 19. Qc4 Qxc4 20. Nxc4 Nxc3 21. a3 Kf8 22. g3 b6 23. Kg2 Nb5 24. Rxe8+ Kxe8 25. Re1+ Kf8 26. Rb1 Rd4 27. Nxb6 Nxa3 28. Ra1 Nb5 29. Na4 Rc4 30. c3 Ke7 31. Rb1 a6 32. Rb4 Rxb4 33. cxb4 Kd6 34. Nc5 Nc7 35. Kf3 Kd5 36. Nb7 f6 37. Nd8 Kc4 38. Nc6 Kb5 39. Nd4+ Kxb4 40. Nf5 a5 0-1

[Event "Sochi op"]
[Site "Sochi"]
[Date "2011.06.22"]
[Round "6"]
[White "Danielyan, Levon"]
[Black "Airapetian, Eduard"]
[Result "1-0"]
[WhiteElo "2082"]
[BlackElo "2020"]
[PlyCount "105"]
[EventDate "2011.06.17"]
[EventType "swiss"]
[EventRounds "9"]
[EventCountry "RUS"]
[SourceTitle "EXT 2012"]
[Source "ChessBase"]
[SourceDate "2011.11.24"]
[SourceVersion "1"]
[SourceVersionDate "2011.11.24"]
[SourceQuality "1"]

1. e4 Nf6 2. e5 Nd5 3. d4 d6 4. Nf3 Nc6 5. Bb5 a6 6. Bxc6+ bxc6 7. c4 Nb6 8. c5 dxc5 9. dxc5 Qxd1+ 10. Kxd1 Nd5 11. Nd4 e6 12. Nb3 a5 13. a4 Ba6 14. Bd2 Rb8 15. Ra3 Nb4 16. Bxb4 axb4 17. Ra1 Rd8+ 18. N1d2 g5 19. Re1 Rd5 20. g3 g4 21. Re4 h5 22. Rxb4 Kd7 23. Rd4 Bg7 24. f4 gxf3 25. Nxf3 Rb8 26. Kc2 Be2 27. Nbd2 Bf8 28. Rxd5+ cxd5 29. c6+ Ke8 30. Nd4 Ba6 31. N2f3 Bb4 32. Rg1 Bc5 33. b3 Ke7 34. g4 hxg4 35. Rxg4 Rh8 36. h4 Rb8 37. h5 Rh8 38. Rh4 f6 39. Kc3 Rh7 40. b4 Ba7 41. b5 Bc8 42. h6 fxe5 43. Nxe5 Kf6 44. Rh5 Bb6 45. Nb3 Ke7 46. a5 Ba7 47. Nd4 Bc5 48. Nd3 Ba7 49. b6 cxb6 50. Nb5 bxa5 51. Nxa7 Ba6 52. Nc5 Be2 53. c7 1-0

[Event "Sochi op"]
[Site "Sochi"]
[Date "2011.06.17"]
[Round "1"]
[White "Danielyan, Levon"]
[Black "Voronov, Egor"]
[Result "1-0"]
[WhiteElo "2082"]
[BlackElo "1736"]
[PlyCount "77"]
[EventDate "2011.06.17"]
[EventType "swiss"]
[EventRounds "9"]
[EventCountry "RUS"]
[SourceTitle "EXT 2012"]
[Source "ChessBase"]
[SourceDate "2011.11.24"]
[SourceVersion "1"]
[SourceVersionDate "2011.11.24"]
[SourceQuality "1"]

1. d4 d5 2. c4 e6 3. Nc3 Nf6 4. Nf3 c6 5. Bf4 dxc4 6. a4 Nd5 7. Bd2 c5 8. e3 cxd4 9. Nxd4 Qb6 10. Bxc4 Nf6 11. 0-0 Bd7 12. a5 Qc7 13. Qe2 a6 14. Na4 Nc6 15. Nb6 Rd8 16. Nxd7 Rxd7 17. Nxc6 Qxc6 18. Bb3 Bd6 19. Ba4 Qe4 20. Bxd7+ Kxd7 21. Qf3 Qxf3 22. gxf3 h5 23. e4 h4 24. Bc3 Rh5 25. Rfd1 Rg5+ 26. Kh1 Ke7 27. Rxd6 Kxd6 28. e5+ Rxe5 29. Bxe5+ Kxe5 30. Ra4 h3 31. Rb4 g5 32. Rxb7 g4 33. fxg4 Nxg4 34. Kg1 f5 35. b4 Kf4 36. b5 Kf3 37. bxa6 Nxf2 38. Rb3+ Ke2 39. Rb2+ 1-0